Detalles MARC
| 000 -LEADER |
| fixed length control field |
03634nam a2200589Ii 4500 |
| 001 - CONTROL NUMBER |
| control field |
DIGCSIC0435 |
| 003 - CONTROL NUMBER IDENTIFIER |
| control field |
NyNyDIG |
| 008 - FIXED-LENGTH DATA ELEMENTS--GENERAL INFORMATION |
| fixed length control field |
190516s2018 sp a ob 000 0 spa d |
| 006 - FIXED-LENGTH DATA ELEMENTS--ADDITIONAL MATERIAL CHARACTERISTICS |
| fixed length control field |
m o d |
| 007 - PHYSICAL DESCRIPTION FIXED FIELD--GENERAL INFORMATION |
| fixed length control field |
cr ||||||||||| |
| 035 ## - SYSTEM CONTROL NUMBER |
| System control number |
(OCoLC)1102094881 |
| 040 ## - CATALOGING SOURCE |
| Original cataloging agency |
DGITA |
| Language of cataloging |
eng |
| Description conventions |
rda |
| -- |
pn |
| Transcribing agency |
DGITA |
| 020 ## - INTERNATIONAL STANDARD BOOK NUMBER |
| International Standard Book Number |
9788400104047 |
| Qualifying information |
(e-ISBN) |
| 020 ## - INTERNATIONAL STANDARD BOOK NUMBER |
| International Standard Book Number |
8400104048 |
| Qualifying information |
(e-ISBN) |
| 020 ## - INTERNATIONAL STANDARD BOOK NUMBER |
| Canceled/invalid ISBN |
9788400104030 |
| 020 ## - INTERNATIONAL STANDARD BOOK NUMBER |
| Canceled/invalid ISBN |
840010403X |
| 024 7# - OTHER STANDARD IDENTIFIER |
| Standard number or code |
059-18-120-3 |
| Qualifying information |
(e-NIPO) |
| Source of number or code |
nipo |
| 024 7# - OTHER STANDARD IDENTIFIER |
| Canceled/invalid standard number or code |
059-18-119-0 |
| Source of number or code |
nipo |
| 041 0# - LANGUAGE CODE |
| Language code of text/sound track or separate title |
spa |
| -- |
fre |
| 043 ## - GEOGRAPHIC AREA CODE |
| Geographic area code |
e-sp--- |
| 050 14 - LIBRARY OF CONGRESS CALL NUMBER |
| Classification number |
DP104 ebook |
| 082 04 - DEWEY DECIMAL CLASSIFICATION NUMBER |
| Classification number |
946.02 |
| 245 00 - TITLE STATEMENT |
| Title |
Circulaciones mudejáres y moriscas : |
| Remainder of title |
redes de contacto y representaciones / |
| Statement of responsibility, etc. |
Alice Kadri, Yolanda Moreno, Ana Echevarría (eds.) |
| 264 #1 - PRODUCTION, PUBLICATION, DISTRIBUTION, MANUFACTURE, AND COPYRIGHT NOTICE |
| Place of production, publication, distribution, manufacture |
Madrid : |
| Name of producer, publisher, distributor, manufacturer |
Consejo Superior de Investigaciones Científicas, |
| Date of production, publication, distribution, manufacture, or copyright notice |
2018. |
| 300 ## - PHYSICAL DESCRIPTION |
| Extent |
1 online resource : |
| Other physical details |
illustrations (some color) |
| 336 ## - CONTENT TYPE |
| Content type term |
text |
| Content type code |
txt |
| Source |
rdacontent |
| 337 ## - MEDIA TYPE |
| Media type term |
computer |
| Media type code |
c |
| Source |
rdamedia |
| 338 ## - CARRIER TYPE |
| Carrier type term |
online resource |
| Carrier type code |
cr |
| Source |
rdacarrier |
| 347 ## - DIGITAL FILE CHARACTERISTICS |
| File type |
text file |
| Source |
rdaft |
| 347 ## - DIGITAL FILE CHARACTERISTICS |
| Encoding format |
PDF |
| 490 1# - SERIES STATEMENT |
| Series statement |
Estudios árabes e islámicos. Monografías ; |
| Volume/sequential designation |
21 |
| 504 ## - BIBLIOGRAPHY, ETC. NOTE |
| Bibliography, etc. note |
Includes bibliographical references. |
| 505 0# - FORMATTED CONTENTS NOTE |
| Formatted contents note |
Los mudéjares de Castilla y la migración a dār al-islām (ca. 1450-1502) : ¿superioridad del vínculo religioso sobre el de la naturaleza? / Pablo Ortega Rico -- Les relations des musulmans de Castille et du Portugal avec ceux de la dār al-islām, du XIIe auXVe siècle / Jean-Pierre Molénat -- Tres riḥlas mudéjares : el viaje de peregrinación a La Meca de los musulmanes castellano-aragoneses durante los siglos XIV-XVI / Xavier Casassas -- Arrieros, mercaderes, mesoneros... : la movilidad de los moriscos de Castilla la Vieja / Serafín de Tapia Sánchez -- Redes y trasiegos entre los moriscos de Valladolid y Cuéllar / Luis Araus Ballesteros -- Formas de movilidad entre los moriscos del Campa de Calatrava / Trevor J. Dadson -- La circulación de los moriscos en los relatos cristianos de la guerra de las Alpujarras (Hurtado de Mendoza, Mármol Carvajal, Ginés Pérez de Hita) / Alice Carette-Ismaïl -- Circulación de manuscritos mudéjares y moriscos : implicaciones y problemáticas / María Jesús Viguera Molins -- Comunicación y circulación de la información entre los moriscos / Hossain Bouzineb -- A la búsqueda de manuscritos moriscos perdidos : nuevos testimonios aljamiados y árabes / Nuria de Castilla -- L'étude philologique des manuscrits aljamiados, un révélateur de ciruclations mudéjares / Alice Kadri -- Mudéjars et morisques : bouger pour survivre? : notes conclusives sur les dimensions sociale et spatiale du problème / Stéphane Boissellier. |
| 546 ## - LANGUAGE NOTE |
| Language note |
In Spanish with three contributions in French. |
| 588 0# - SOURCE OF DESCRIPTION NOTE |
| Source of description note |
Online resource; title from PDF title page (Digitalia, viewed May 25, 2019) |
| 650 #0 - SUBJECT ADDED ENTRY--TOPICAL TERM |
| Topical term or geographic name entry element |
Mudéjares. |
| 650 #0 - SUBJECT ADDED ENTRY--TOPICAL TERM |
| Topical term or geographic name entry element |
Moriscos. |
| 650 #0 - SUBJECT ADDED ENTRY--TOPICAL TERM |
| Topical term or geographic name entry element |
Muslims |
| Geographic subdivision |
Spain |
| General subdivision |
History |
| Chronological subdivision |
To 1500. |
| 650 #0 - SUBJECT ADDED ENTRY--TOPICAL TERM |
| Topical term or geographic name entry element |
Christians |
| Geographic subdivision |
Spain |
| General subdivision |
History |
| Chronological subdivision |
To 1500. |
| 651 #0 - SUBJECT ADDED ENTRY--GEOGRAPHIC NAME |
| Geographic name |
Spain |
| General subdivision |
Religion. |
| 655 #0 - INDEX TERM--GENRE/FORM |
| Genre/form data or focus term |
Electronic books. |
| 700 1# - ADDED ENTRY--PERSONAL NAME |
| Personal name |
Kadri, Alice, |
| Relator term |
editor. |
| 700 1# - ADDED ENTRY--PERSONAL NAME |
| Personal name |
Moreno Koch, Yolanda, |
| Relator term |
editor. |
| 700 1# - ADDED ENTRY--PERSONAL NAME |
| Personal name |
Echevarria, Ana, |
| Relator term |
editor. |
| 791 2# - |
| -- |
Digitalia (Firm), |
| -- |
distributor. |
| 793 0# - |
| -- |
Digitalia eBook Collection: |
| -- |
Editorial CSIC |
| 776 08 - ADDITIONAL PHYSICAL FORM ENTRY |
| Relationship information |
Print version: |
| Title |
Circulaciones mudejáres y moriscas |
| International Standard Book Number |
9788400104030 |
| Record control number |
(OCoLC)1084507867 |
| 830 #0 - SERIES ADDED ENTRY--UNIFORM TITLE |
| Uniform title |
Estudios árabes e islámicos. |
| Name of part/section of a work |
Monografías ; |
| Volume/sequential designation |
21. |
| 856 40 - ELECTRONIC LOCATION AND ACCESS |
| Materials specified |
Digitalia Hispánica |
| Uniform Resource Identifier |
<a href="https://www.digitaliapublishing.com/a/56656/">https://www.digitaliapublishing.com/a/56656/</a> |
| 910 ## - USER-OPTION DATA (OCLC) |
| User-option data |
Premium collection: 2019 |
| 942 ## - ADDED ENTRY ELEMENTS (KOHA) |
| Koha item type |
Recurso Electrónico |